| 000 | 00965nam a22001817a 4500 | ||
|---|---|---|---|
| 999 |
_c63508 _d63508 |
||
| 003 | Ge_BSU | ||
| 005 | 20251021142218.0 | ||
| 008 | 251021s1974 ge ||||| |||| 00| 0 geo d | ||
| 041 | _ageo | ||
| 080 | _a330.1 : 338(479.22) ე-49 | ||
| 245 |
_aეკონომიკა = Економика = OIKONOMIKH : _b(სტატიების კრებული). VI / _cრედ. პ. გუგუშვილი; საქართველოს სსრ მეცნიერებათა აკადემია. ეკონომიკისა და სამართლის ინსტიტუტი. |
||
| 264 |
_aთბილისი : _bმეცნიერება, _c1974. |
||
| 300 |
_a208 გვ.; _b22 სმ. |
||
| 500 | _aთავები რუსულ ენაზე | ||
| 653 | _aეკონომიკა | ||
| 700 |
_aგუგუშვილი, პ. _eრედაქტორი _918004 |
||
| 942 |
_2udc _cᲬᲘᲒᲜᲘ |
||